Estadísticas para 10 Estados de EE. UU. con las Cosechas más Valiosas

Haz click aquí para intentar la prueba.

Estadísticas generales

  • Esta prueba ha sido intentada 57 veces
  • La puntuación promedio es 6 de 10

Estadísticas de respuestas

Valor en $Cosecha principalEstado% Correcto
6.4 bilAlgodónTexas
89%
33.1 bilAlmendrasCalifornia
87%
6.5 bilMaízKansas
73%
6.5 bilMaízDakota del Sur
67%
14.3 bilMaízIowa
64%
10.2 bilMaízNebraska
64%
7.0 bilTrigoDakota del Norte
56%
15.0 bilMaízIllinois
56%
7.7 bilMaízIndiana
44%
9.1 bilMaízMinnesota
42%

Distribución de puntuación

Porcentaje por número respondido

Porcentaje de gente con cada puntuación

Historial de tus puntuaciones

No has intentado esta prueba.